[Event "IECC KO email"]
[Site "IECC email"]
[Date "2001.08.14"]
[Round "?"]
[White "Arnold, Lee"]
[Black "Madge, Paul"]
[Result "1-0"]
[WhiteElo "1892"]
[BlackElo "1645"]
[PlyCount "27"]
[EventDate "2001.??.??"]
[EventType "tourn (corr)"]
[EventRounds "6"]
[SourceTitle "Corr 2008"]
[Source "ChessBase"]
[SourceDate "2008.06.24"]
[SourceVersion "1"]
[SourceVersionDate "2008.06.24"]
[SourceQuality "1"]

1. d4 d5 2. c4 c6 3. Nf3 Nf6 4. Qc2 dxc4 5. Qxc4 Bf5 6. Nc3 e6 7. g3 Nbd7 8. Bg2 Bc2 9. e3 Be7 10. 0-0 0-0 11. Nh4 Qa5 12. Qe2 Ba4 13. Bd2 e5 14. a3 1-0

[Event "IECC KO email"]
[Site "IECC email"]
[Date "2001.02.26"]
[Round "?"]
[White "Del Pozo Hernandez, Jose Maria"]
[Black "Madge, Paul"]
[Result "1/2-1/2"]
[WhiteElo "1802"]
[BlackElo "1628"]
[PlyCount "76"]
[EventDate "2001.??.??"]
[EventType "tourn (corr)"]
[EventRounds "6"]
[SourceTitle "Corr 2008"]
[Source "ChessBase"]
[SourceDate "2008.06.24"]
[SourceVersion "1"]
[SourceVersionDate "2008.06.24"]
[SourceQuality "1"]

1. e4 c5 2. Nf3 d6 3. Nc3 Nc6 4. d4 cxd4 5. Nxd4 Nf6 6. Be3 Ng4 7. Bg5 h6 8. Bh4 g5 9. Bg3 Bg7 10. Bb5 0-0 11. Nb3 f5 12. exf5 Bxf5 13. 0-0 Rc8 14. Re1 Nge5 15. Qd2 a6 16. Be2 b5 17. Rad1 Nb4 18. Nd4 Nc4 19. Bxc4+ Rxc4 20. Ne6 Bxe6 21. Rxe6 Rf7 22. Rde1 Nc6 23. R6e4 Qa5 24. Rxc4 bxc4 25. h4 Bxc3 26. Qxc3 Qxc3 27. bxc3 Rf5 28. Re4 d5 29. Re6 Rf6 30. Re1 Kf7 31. hxg5 hxg5 32. f3 Re6 33. Rxe6 Kxe6 34. Kf2 d4 35. cxd4 Nb4 36. Ke3 Nxc2+ 37. Ke4 Nb4 38. a3 c3 1/2-1/2